000 00262nam a2200121Ia 4500
008 190216s9999||||xx |||||||||||||| ||und||
100 _aRao M S
245 0 _aIndian Economy
260 _bMcgraw -hill
_c1981
300 _a7.49
650 _aEconomics
942 _cBK
999 _c9412
_d9412